Quantum physics : illusion or reality

Saved in:
Bibliographic Details
Main Author: Rae, Alastair I. M.
Format: Book
Language:English
Published: Cambridge : Cambridge University Press, 1994.
Subjects:
Tags: Add Tag
No Tags, Be the first to tag this record!

MARC

LEADER 00000cam a2200000 i 4500
001 1/77906
008 990511s1994 uk | ||| |||| ||eng||
020 |a 0521467160  
035 |l 10050031 
040 |a GR-MyUa  |b gre  |e AACR2 
041 0 |a eng 
082 7 |a 530.12   |2 (22) 
100 1 |a Rae, Alastair I. M. 
245 1 0 |a Quantum physics :   |b illusion or reality /   |c Alastair I. M. Rae.  
260 |a Cambridge :   |b Cambridge University Press,   |c 1994.  
300 |a x, 123 σ. :   |b εικ. ;   |c 22 εκ.  
504 |a Περιέχει βιβλιογραφικές αναφορές και ευρετήριο. 
650 0 |a Quantum theory. 
650 0 |a Physics  |x Philosophy. 
767 0 8 |i Μεταφρασμένο ως:   |t Κβαντομηχανική :  
852 |a INST  |b SAMOS  |e 19990511  |h 530.12 RAE  |p 005300014787  |q 005300014787  |t BK  |y 0 
901 |a BIBL3-1999-2 
922 |a 3ΕΛΗ  |b 199903  |c ΚΠΣ  |d GLORY